000
00293nam a2200121Ia 4500
008
231129s1975||||xx |||||||||||||| ||spa||
082
_a
HAJ- 0362
100
_a
Lowie Robert H.
245
0
_a
Historia de la etnología
260
_c
1975
264
_a
México: Melo 1975
942
_2
ddc
_c
BKS
999
_c
15113
_d
15113